Beef cattle feeding and nutrition / (Record no. 8011)

MARC details
000 -LEADER
fixed length control field 00798cam a2200253 i 4500
001 - CONTROL NUMBER
control field BD-DhSAU 8011
003 - CONTROL NUMBER IDENTIFIER
control field BD-DhSAU
005 - DATE AND TIME OF LATEST TRANSACTION
control field 20150530153326.0
008 - FIXED-LENGTH DATA ELEMENTS--GENERAL INFORMATION
fixed length control field 800318s1980 nyua sb 00110 eng d
020 ## - INTERNATIONAL STANDARD BOOK NUMBER
International Standard Book Number 0125520506
040 ## - CATALOGING SOURCE
Original cataloging agency BD-DhSAU
082 ## - DEWEY DECIMAL CLASSIFICATION NUMBER
Classification number 636.213
Edition number 22
Item number PEB
100 10 - MAIN ENTRY--PERSONAL NAME
Personal name Perry, Tilden Wayne.
245 10 - TITLE STATEMENT
Title Beef cattle feeding and nutrition /
Statement of responsibility, etc. Tilden Wayne Perry
260 0# - PUBLICATION, DISTRIBUTION, ETC. (IMPRINT)
Place of publication, distribution, etc. New York :
Name of publisher, distributor, etc. Academic Press,
Date of publication, distribution, etc. c1980.
300 ## - PHYSICAL DESCRIPTION
Extent xiv, 383 p. :
Other physical details ill. ;
Dimensions 24 cm.
490 0# - SERIES STATEMENT
Series statement Animal feeding and nutrition
504 ## - BIBLIOGRAPHY, ETC. NOTE
Bibliography, etc Include bibliographical reference & index.
590 ## - Name of Cataloguer
Name of Cataloger Jerin
650 #0 - SUBJECT ADDED ENTRY--TOPICAL TERM
Topical term or geographic name as entry element Beef cattle
General subdivision Feeding and feeds.
650 #0 - SUBJECT ADDED ENTRY--TOPICAL TERM
Topical term or geographic name as entry element Animal Husbandry
773 #0 - HOST ITEM ENTRY
Title ScienceDirect Agricultural and Biological Sciences eBook Legacy Collection
942 ## - ADDED ENTRY ELEMENTS (KOHA)
Source of classification or shelving scheme Dewey Decimal Classification
Koha item type Book
Holdings
Withdrawn status Lost status Source of classification or shelving scheme Damaged status Not for loan Collection code Home library Branch Name Shelving location Date acquired Total Checkouts Full call number Barcode Date last seen Price effective from Koha item type
    Dewey Decimal Classification   Not For Loan Reference SAU Library SAU Library Reference 20/06/1993   636.213 PEB 24288 30/05/2015 30/05/2015 Book
    Dewey Decimal Classification   Not For Loan Reference SAU Library SAU Library Reference 20/06/1993   636.213 PEB 24289 10/06/2015 10/06/2015 Book